[Event "POL-Cup blind"]
[Site "Dzwirzyno"]
[Date "2019.09.02"]
[Round "1"]
[White "Wolanski, Michal"]
[Black "Szafran, Dariusz"]
[Result "1-0"]
[WhiteElo "1995"]
[BlackElo "1467"]
[PlyCount "69"]
[EventDate "2019.09.02"]
[EventType "swiss"]
[EventRounds "9"]
[EventCountry "POL"]
[SourceTitle "EXT 2020"]
[Source "ChessBase"]
[SourceDate "2019.10.17"]
[SourceVersion "1"]
[SourceVersionDate "2019.10.17"]
[SourceQuality "1"]

1. c4 Nf6 2. g3 e5 3. Bg2 Bc5 4. Nc3 Nc6 5. e3 Ne7 6. Nf3 d6 7. 0-0 Bg4 8. h3 Bd7 9. d4 exd4 10. exd4 Bb6 11. Na4 Bc6 12. Nxb6 axb6 13. Re1 0-0 14. Bg5 Ng6 15. h4 h6 16. h5 Nh8 17. Bh4 g5 18. hxg6 fxg6 19. d5 Bd7 20. Bxf6 Qxf6 21. Qd2 g5 22. Nd4 Rfe8 23. Ne6 Rac8 24. Bh3 Re7 25. f4 Ng6 26. fxg5 hxg5 27. Rf1 Qe5 28. Qd3 Kh7 29. Rae1 Qxb2 30. Nxg5+ Kh6 31. Rxe7 Bxh3 32. Rh7+ Kxg5 33. Qe3+ Nf4 34. Qxf4+ Kg6 35. Qh6# 1-0

[Event "Suwalki Warakomska Memorial op 3rd"]
[Site "Suwalki"]
[Date "2019.08.08"]
[Round "5"]
[White "Wolanski, Michal"]
[Black "Praczukowski, Stanislaw"]
[Result "1/2-1/2"]
[WhiteElo "2007"]
[BlackElo "2126"]
[PlyCount "135"]
[EventDate "2019.08.05"]
[EventType "swiss"]
[EventRounds "9"]
[EventCountry "POL"]
[SourceTitle "CBM 191 Extra"]
[Source "ChessBase"]
[SourceDate "2019.09.30"]
[SourceVersion "1"]
[SourceVersionDate "2019.09.30"]
[SourceQuality "1"]

1. c4 g6 2. g3 Bg7 3. Bg2 c5 4. Nc3 Nc6 5. a3 e6 6. b4 d6 7. Rb1 Nge7 8. e3 0-0 9. Nge2 e5 10. 0-0 Rb8 11. Qc2 Be6 12. Nd5 Qd7 13. Nec3 b6 14. b5 Nd8 15. Nxe7+ Qxe7 16. d3 Qd7 17. Nd5 Bh3 18. Bd2 Bxg2 19. Kxg2 Ne6 20. a4 Nc7 21. Nxc7 Qxc7 22. e4 f5 23. f3 Qe7 24. a5 g5 25. axb6 axb6 26. g4 fxg4 27. fxg4 Rxf1 28. Rxf1 Rf8 29. Rxf8+ Kxf8 30. Qa4 Bf6 31. Qa8+ Kg7 32. Qc6 Qa7 33. Kf2 Be7 34. Qe8 h6 35. Qc8 Qa1 36. Qb7 Kf7 37. Qxb6 Qh1 38. Ke2 Qxh2+ 39. Kd1 h5 40. Qc7 Qh4 41. b6 hxg4 42. b7 g3 43. b8Q g2 44. Be3 Qh5+ 45. Kd2 Qh2 46. Kc3 Qh1 47. Qb2 Qe1+ 48. Qd2 Qa1+ 49. Kb3 Qb1+ 50. Ka4 Ke8 51. Qc8+ Kf7 52. Qf5+ Kg7 53. Qff2 Qa1+ 54. Kb5 Qb1+ 55. Qb2 g1Q 56. Qxg1 Qxb2+ 57. Kc6 Qa3 58. Kd7 Kf7 59. Qf1+ Bf6 60. Bxg5 Qa7+ 61. Kxd6 Qa6+ 62. Kxc5 Qa5+ 63. Kd6 Qa6+ 64. Kd5 Qa8+ 65. Kc5 Qa5+ 66. Kd6 Qa6+ 67. Kd5 Qa8+ 68. Kc5 1/2-1/2

[Event "Suwalki Warakomska Memorial op 3rd"]
[Site "Suwalki"]
[Date "2019.08.07"]
[Round "3"]
[White "Szpar, Milosz"]
[Black "Wolanski, Michal"]
[Result "1-0"]
[WhiteElo "2290"]
[BlackElo "2007"]
[PlyCount "89"]
[EventDate "2019.08.05"]
[EventType "swiss"]
[EventRounds "9"]
[EventCountry "POL"]
[SourceTitle "CBM 191 Extra"]
[Source "ChessBase"]
[SourceDate "2019.09.30"]
[SourceVersion "1"]
[SourceVersionDate "2019.09.30"]
[SourceQuality "1"]

1. e4 c5 2. Nf3 g6 3. d4 cxd4 4. Nxd4 Nc6 5. c4 Nf6 6. Nc3 d6 7. Be2 Nxd4 8. Qxd4 Bg7 9. Be3 0-0 10. Qd2 Bd7 11. 0-0 Bc6 12. f3 Nd7 13. b4 b6 14. a3 Rc8 15. Rac1 Ne5 16. Nd5 e6 17. Nc3 f5 18. exf5 gxf5 19. Kh1 Qe7 20. Rfd1 Rfd8 21. Bf1 Rd7 22. Qa2 Kh8 23. Ne2 Rg8 24. Nd4 Bb7 25. Rd2 Qf6 26. Re1 Ng6 27. c5 f4 28. Bg1 Bd5 29. Bc4 Bxc4 30. Qxc4 dxc5 31. bxc5 bxc5 32. Qxc5 Rgd8 33. Red1 e5 34. Nb3 Rxd2 35. Rxd2 Rxd2 36. Nxd2 a6 37. Qc8+ Bf8 38. Ne4 Ne7 39. Qb8 Qg7 40. Qa8 Qh6 41. Bc5 Kg7 42. Bd6 Kf7 43. Qxa6 Nf5 44. Qc4+ Kg6 45. Qe6+ 1-0

[Event "IBCA Wch blind 14th"]
[Site "Cagliari"]
[Date "2019.04.14"]
[Round "9"]
[White "Wolanski, Michal"]
[Black "Zsiltzova Lisenko, Lubov"]
[Result "1-0"]
[WhiteElo "1935"]
[BlackElo "2191"]
[PlyCount "119"]
[EventDate "2019.04.06"]
[EventType "swiss"]
[EventRounds "9"]
[EventCountry "ITA"]
[SourceTitle "CBM 189 Extra"]
[Source "ChessBase"]
[SourceDate "2019.06.03"]
[SourceVersion "1"]
[SourceVersionDate "2019.06.03"]
[SourceQuality "1"]

1. c4 c5 2. Nc3 Nc6 3. g3 g6 4. Bg2 Bg7 5. a3 Nf6 6. Rb1 a5 7. Nf3 0-0 8. 0-0 d6 9. d3 h6 10. Bd2 Be6 11. Nb5 d5 12. cxd5 Nxd5 13. Qc1 Kh7 14. Qxc5 Rc8 15. Na7 Nxa7 16. Qxa7 b6 17. Qa6 Rc2 18. e4 Nf6 19. Bc3 Nd7 20. d4 Ba2 21. Ra1 Bb3 22. Qd3 Nc5 23. Qe3 Na4 24. Ne1 Rxc3 25. bxc3 Bc4 26. Nd3 Nxc3 27. Ne5 Bxf1 28. Bxf1 Na4 29. Nc6 Qd7 30. Rc1 e5 31. Qb3 Nc5 32. dxc5 Qxc6 33. Qxb6 Rc8 34. Qxc6 Rxc6 35. Bb5 Rc7 36. c6 Bf8 37. a4 Kg7 38. Kf1 Kf6 39. Ke2 Bb4 40. Kd3 Ke7 41. Kc4 f6 42. Kd5 Rc8 43. Ba6 Rd8+ 44. Kc4 Kd6 45. Rd1+ Kc7 46. Rxd8 Kxd8 47. Kd5 Kc7 48. Bb5 Be1 49. f3 Bf2 50. Ke6 Bg1 51. Kxf6 Bxh2 52. Kxe5 g5 53. Kf5 Bxg3 54. Kg6 Bf4 55. Kf5 h5 56. e5 h4 57. e6 Kd8 58. Kf6 Bd6 59. c7+ Kxc7 60. e7 1-0

[Event "IBCA Wch blind 14th"]
[Site "Cagliari"]
[Date "2019.04.09"]
[Round "4"]
[White "Wolanski, Michal"]
[Black "Clemente Llamero, Roberto"]
[Result "1-0"]
[WhiteElo "1935"]
[BlackElo "2117"]
[PlyCount "78"]
[EventDate "2019.04.06"]
[EventType "swiss"]
[EventRounds "9"]
[EventCountry "ITA"]
[SourceTitle "CBM 189 Extra"]
[Source "ChessBase"]
[SourceDate "2019.06.03"]
[SourceVersion "1"]
[SourceVersionDate "2019.06.03"]
[SourceQuality "1"]

1. c4 e5 2. g3 d6 3. Bg2 f5 4. d4 Be7 5. e3 Nf6 6. Nc3 c6 7. Nge2 0-0 8. 0-0 Na6 9. b3 Qe8 10. Ba3 Nc7 11. Qc2 Nh5 12. c5 dxc5 13. dxe5 g5 14. f4 h6 15. Rfd1 Be6 16. Kf2 Ng7 17. Na4 b6 18. Nec3 Bf7 19. Rab1 Bh5 20. Ne2 Nge6 21. Qc1 gxf4 22. exf4 Nd5 23. Nac3 Nb4 24. Bxb4 cxb4 25. Na4 Nc5 26. Nxc5 Bxc5+ 27. Kf1 Rd8 28. Rxd8 Qxd8 29. Bxc6 Kh8 30. Qd1 Bg4 31. Qd7 Qxd7 32. Bxd7 Kg7 33. Rd1 Kf7 34. Rd3 Ke7 35. e6 h5 36. Nd4 Bxd4 37. Rxd4 a5 38. Rc4 h4 39. Rc7 hxg3 1-0